Language Quiz

Random Language or Letter Quiz

Ends in 'B' Quiz Stats

Quiz Updated Oct 14, 2016

Also try: Ends in 'SK'
Challenge
Share
Tweet
Embed
Score 0/22 Timer 05:00
2 Plays Today
Hint Answer % Correct
United ___ EmiratesArab
94.5%
Cage for a babycrib
91.4%
A baby sheeplamb
86%
From whence a tulip comesbulb
85.4%
An outlying part of a citysuburb
79.7%
Dill or oregano, e.g.herb
76.5%
Feeling no painnumb
76.2%
Swedish car companySaab
70.1%
Take in or soak upabsorb
69.1%
A dusty former spider homecobweb
66.4%
An A-lister, for shortceleb
65.8%
Hint Answer % Correct
Action wordverb
59%
American investment broker CharlesSchwab
58.7%
Biblical ladder envisonerJacob
55.5%
Clothing or apparelgarb
53.9%
To lay pipes or seal with leadplumb
38.3%
US beer brand since 1896Michelob
30.8%
Region of Northwest IndiaPunjab
28.5%
A doohickey or gizmothingamabob
27.2%
Interrupt, bother or interfere withdisturb
23%
Treat with neglect or contemptsnub
22%
Space station that fell to Earth in 1979Skylab
16.8%

You're not logged in!

Compare scores with friends on all Sporcle quizzes.
Join for Free
OR
Log In

You Might Also Like...

Show Comments

Extras

Top Quizzes Today


Score Distribution

Your Account Isn't Verified!

In order to create a playlist on Sporcle, you need to verify the email address you used during registration. Go to your Sporcle Settings to finish the process.

Report this User

Report this user for behavior that violates our Community Guidelines.

Details: